| 000 | 00598nam a2200157Ia 4500 | ||
|---|---|---|---|
| 999 |
_c14101 _d14101 |
||
| 082 | _aTR.0119 | ||
| 100 | _aRaj Kumar | ||
| 245 | 0 | _aFederalising process and the impact of the Finance Commission : A study in financial relations between centre and the states with particular reference to Haryana 1966-1982 | |
| 260 |
_c1986 _bMaharshi Dayanand University |
||
| 300 | _a253p. + C D - 51 | ||
| 650 | _aINDIA - FINANCE COMMISSION | ||
| 650 | _aFINANCE COMMISSION, INDIA//INDIA - FINANCE COMMISSION | ||
| 650 | _aCENTRE STATE FISCAL RELATIONS - HARYANA | ||
| 710 | _aGoyal, O.P. | ||
| 942 |
_cTH _2ddc |
||